000 00475nam a2200169 4500
001 122487
003 ES-MaACL
005 20230906192003.0
007 t|
008 070214s1959 sp r ||||1| spa d
245 0 0 _aPrincipios elementales de electricidad.
250 _a1ยช ed.
260 _aMadrid [etc.] :
_bEscuelas Internacionales,
_c1959.
300 _a88 p. :
_bil. ;
_c19 cm.
710 2 _aEscuelas Internacionales.
_93618
852 _aES-MaACL
_jC-18980
_bR.45864
999 _c122487
_d122487